Wards of Lambeth, London (2002 - 2022) - Statistics

General Stats
  • This quiz has been taken 12 times
  • The average score is 9 of 21
Answer Stats
Answer % Correct
Stockwell
100%
Tulse Hill
100%
Clapham Common
75%
Herne Hill
75%
Bishop's
50%
Brixton Hill
50%
Clapham Town
50%
Ferndale
50%
Gipsy Hill
50%
Knight's Hill
50%
Oval
50%
St Leonard's
50%
Streatham South
50%
Coldharbour
25%
Prince's
25%
Streatham North
25%
Thurlow Park
25%
Larkhall
0%
Streatham Wells
0%
Thornton
0%
Vassall
0%
No matching quizzes found
Score Distribution
Percent of People with Each Score
Percentile by Number Answered
Your Score History
You have not taken this quiz